[Event "Charlotte Spring-B 2022"]
[Site "Charlotte"]
[Date "2022.03.17"]
[Round "1.1"]
[White "Arjun, Vishnuvardhan"]
[Black "Wang, Tianqi"]
[Result "1/2-1/2"]
[WhiteElo "2268"]
[BlackElo "2322"]
[Annotator "TA"]
[PlyCount "46"]
[EventDate "2022.03.16"]
[EventType "tourn"]
[EventCountry "USA"]
[SourceTitle "playchess.com"]
[Source "ChessBase"]
[SourceQuality "1"]

{[%evp 12,46,4,12,27,8,5,11,16,10,4,0,0,6,0,7,23,20,48,53,43,33,33,31,47,40,45,39,41,25,25,25,25,25,25,5,16]} 1. c4 c5 2. Nc3 Nc6 3. g3 g6 4. Bg2 Bg7 5. e3 d6 6. Nge2 e5 {6...e6 is more advanced technology.} 7. a3 a5 {A36: Symmetrical English vs ...g6: 4 Bg2 Bg7.} 8. b3 Nge7 9. Bb2 Rb8 10. O-O O-O 11. Qc2 Be6 {[%cal Oa5a4] [#]} 12. Nd5 $146 ({Predecessor:} 12. Rfd1 d5 13. cxd5 Nxd5 14. Na4 b6 15. d4 exd4 16. exd4 Nxd4 17. Nxd4 cxd4 18. Bxd4 Bxd4 19. Rxd4 {½-½ (48) Lazic,M (2465)-Zlatic,M (2450) Zlatibor 2007}) 12... b5 {[%cal Oa5a4]} 13. Nec3 {Inhibits a4.} bxc4 14. bxc4 Bf5 15. d3 Nxd5 16. Nxd5 Ne7 17. Bc3 {[%cal Oc3a5] Hoping for Bxa5!} Nxd5 18. Bxd5 a4 19. Rfb1 Qd7 $1 20. Rxb8 Rxb8 21. Rb1 Rxb1+ 22. Qxb1 Bf6 23. Qb5 Qxb5 {Weighted Error Value: White=0.05 (flawless) /Black=0.03 (flawless)} 1/2-1/2

[Event "Charlotte Spring-B 2022"]
[Site "Charlotte"]
[Date "2022.03.17"]
[Round "1.2"]
[White "Adewumi, Tanitoluwa"]
[Black "Plotkin, Mark"]
[Result "1/2-1/2"]
[WhiteElo "2190"]
[BlackElo "2400"]
[Annotator "TA"]
[PlyCount "89"]
[EventDate "2022.03.16"]
[EventType "tourn"]
[EventCountry "USA"]
[SourceTitle "playchess.com"]
[Source "ChessBase"]
[SourceQuality "1"]

{[%evp 9,89,0,30,21,30,0,-1,0,0,-1,0,-5,3,-19,-13,-19,-12,-12,-12,-22,0,0,0,3,8,0,5,0,0,-17,0,0,0,0,0,0,0,0,0,0,18,12,27,6,8,20,18,0,0,0,0,0,4,5,33,45,36,0,0,0,0,0,0,0,0,0,0,0,0,0,0,0,0,0,0,0,0,0,0,0,0,0]} 1. d4 g6 2. Nc3 d5 3. e4 c6 4. g3 Bg7 5. Nge2 Bg4 6. Bg2 {[%cal Re4d5] To avoid Bf3. B06: Modern Defence.} dxe4 7. Bxe4 Nf6 8. Bg2 O-O 9. O-O {[#]} Qd7 $146 ({Predecessor:} 9... Nbd7 10. h3 Bf5 11. g4 Be6 12. Nf4 Bc4 13. Re1 Nb6 14. b3 Nfd5 15. Ncxd5 Bxd5 16. Nxd5 Nxd5 {0-1 (37) Motrenko,N-Nikulenkov,A (2251) Kiev 2005}) 10. Re1 Na6 11. Bg5 Rad8 12. Qd2 Rfe8 13. Rad1 Nc7 14. Qc1 Qc8 15. Bh6 Bh8 16. f3 Bf5 17. g4 Bd7 18. Bf4 c5 19. Be5 cxd4 20. Nxd4 ({Much weaker is} 20. Rxd4 Ne6 21. Rd3 Qc5+ 22. Qe3 {[#]} Nxg4 $1 23. Qxc5 Nxc5 24. Bxh8 Nxd3 25. cxd3 Kxh8 $15) 20... Ncd5 21. Nxd5 Nxd5 22. Bxh8 Kxh8 23. c4 Nf6 24. b3 Qc5 25. Qe3 Bc6 26. Nc2 Qxe3+ 27. Nxe3 Kg7 28. f4 Ne4 29. Rxd8 Rxd8 30. Nd5 {Inhibits Nc3.} Bxd5 31. cxd5 Nf6 32. Rxe7 Nxd5 33. Bxd5 Rxd5 {The position is equal.} 34. Rxb7 $14 {[%mdl 4096] Endgame KR-KR} Rd1+ 35. Kg2 Rd2+ 36. Kg3 Rxa2 37. g5 a5 38. b4 Rb2 39. b5 Rb3+ 40. Kg4 h5+ 41. gxh6+ $1 Kxh6 42. Rxf7 Rxb5 43. Ra7 Rc5 44. h4 Rb5 45. Ra6 {Weighted Error Value: White=0.05 (flawless) /Black=0.04 (flawless)} 1/2-1/2

[Event "Charlotte Spring-B 2022"]
[Site "Charlotte"]
[Date "2022.03.17"]
[Round "1.3"]
[White "Poliannikov, Danila"]
[Black "Almeida Saenz, Alfonso"]
[Result "1/2-1/2"]
[WhiteElo "2273"]
[BlackElo "2259"]
[Annotator "TA"]
[PlyCount "130"]
[EventDate "2022.03.16"]
[EventType "tourn"]
[EventCountry "USA"]
[SourceTitle "playchess.com"]
[Source "ChessBase"]
[SourceQuality "1"]

{[%evp 12,130,36,0,29,42,81,68,68,63,72,76,67,65,155,148,143,163,156,121,143,100,102,102,99,101,99,98,106,48,48,33,33,37,33,41,37,0,0,0,0,0,0,0,0,0,8,8,8,8,16,8,13,8,8,8,8,0,8,8,8,0,3,0,0,0,0,0,0,0,0,0,0,0,0,0,0,0,0,0,0,0,0,0,0,0,0,0,0,0,0,0,0,0,0,0,0,0,0,0,0,0,0,0,0,0,0,0,0,0,0,0,0,0,0,0,0,0,0,0,0]} 1. e4 c5 2. Nf3 Nc6 3. d4 cxd4 4. Nxd4 Nf6 5. Nc3 d6 6. Be3 e5 7. Nf3 Be6 {B56: Classical Sicilian: Unusual Lines.} 8. Ng5 d5 {[#]} 9. exd5 Bxd5 {White is slightly better.} 10. Nxd5 Qxd5 11. Qxd5 Nxd5 12. Bc4 {[#]} Bb4+ $146 (12... Nxe3 $14 13. fxe3 (13. Bxf7+ Ke7 $17) 13... Bc5) ({Predecessor:} 12... Nxe3 13. fxe3 Nd8 14. Rd1 Be7 15. Ne4 Rc8 16. Bb5+ Nc6 17. Rf1 Rf8 18. g4 a6 {1-0 (42) Terao,J (2256)-Melo,G (1633) Rio de Janeiro 2018}) 13. c3 $16 Nxe3 14. fxe3 ({Weaker is} 14. Bxf7+ Kf8 15. Bb3 (15. fxe3 Be7 $17) 15... Nxg2+ 16. Kf1 Nf4 17. cxb4 Nd4 $15) 14... Bc5 15. Bxf7+ Ke7 16. Ke2 (16. Bc4 $142) 16... h6 17. Ne4 Bxe3 18. Kxe3 Kxf7 19. Nd6+ Ke7 {[#]} 20. Rad1 {White is more active.} ({But not} 20. Nxb7 $6 Rhb8 21. Nc5 Rxb2 $11) (20. Nf5+ $1 $16 Kf6 21. Rhf1) 20... Rhf8 $14 21. Nxb7 Rab8 22. Nc5 {Strongly threatening Nd7.} Rxb2 23. Rd7+ Ke8 24. Rhd1 {aiming for Rc7.} (24. Rxg7 $5 {[%cal Rc5e4]} Rff2 25. Ne4 Rxg2 26. Rh7 Rxh2 27. Rxh2 Rxh2 28. Rc7 $14) 24... Rff2 {And now ...Rbe2+ would win. The position is equal.} (24... Rxa2 $2 25. Rc7 Ne7 26. Rdd7 $18) 25. R1d2 {To avoid Rbe2+. Really sharp!} Rxg2 26. Rxb2 Rxb2 27. Rxg7 Rxa2 $11 {[%mdl 4096] Endgame KRN-KRN} 28. Ke4 Rd2 29. Rg6 {[%csl LRc6,LRh6]} Ne7 30. Rxh6 Re2+ 31. Kd3 Re1 32. Kc4 e4 33. Re6 e3 34. Nd3 Rh1 35. Rxe3 Rxh2 36. Kb5 Rh6 37. c4 Kd8 38. c5 Nc6 39. Rg3 Nd4+ 40. Kc4 Nc6 41. Rg7 Kc8 42. Kd5 a5 43. Nf4 a4 44. Ne6 Kb8 45. Rg8+ Kb7 {White must now prevent ...Ne7+.} 46. Rg7+ Kb8 47. Kxc6 {White wants to mate with Re7.} Rxe6+ {KR-KR} 48. Kd7 Re1 49. Rg8+ Ka7 50. c6 {Threatening mate with c7.} Rd1+ 51. Kc7 Rh1 52. Rg4 {[%cal Rg4a4]} Rh7+ 53. Kd6 Rh6+ 54. Kc5 Rh5+ (54... Kb8 55. Kb6 Rh8 56. Rg7 (56. Rxa4 Rh7 $11) 56... Rf8 57. Rb7+ Kc8 58. Ra7 Kd8 59. Ra8+ Ke7 60. Rxf8) 55. Kd6 Rh6+ 56. Kd7 Rh7+ 57. Kd8 Rh8+ 58. Ke7 (58. Kc7 $5 {[%cal Rg4a4]} Rh7+ 59. Kd6 $11) 58... Rh7+ 59. Kd6 Rh6+ 60. Kd5 Rh5+ 61. Kd6 Rh6+ 62. Kc5 Rh5+ (62... Kb8 63. Kb6 Rh8 64. Rg7 (64. Rxa4 Rh7 $11) 64... Rf8 65. Rb7+ Kc8 66. Ra7 Kd8 67. Ra8+ Ke7 68. Rxf8) 63. Kb4 Kb6 64. Rc4 $1 {c7 would kill now.} Rh7 65. Kxa4 Rc7 {Black defended with fortune.  Weighted Error Value: White=0.05 (flawless) /Black=0.04 (flawless)} 1/2-1/2

[Event "Charlotte Spring-B 2022"]
[Site "Charlotte"]
[Date "2022.03.17"]
[Round "1.4"]
[White "Johnson, Donald"]
[Black "Ngo, Bach"]
[Result "1/2-1/2"]
[WhiteElo "2060"]
[BlackElo "2306"]
[Annotator "TA"]
[PlyCount "133"]
[EventDate "2022.03.16"]
[EventType "tourn"]
[EventCountry "USA"]
[SourceTitle "playchess.com"]
[Source "ChessBase"]
[SourceQuality "1"]

{[%evp 35,133,5,0,0,20,0,31,24,21,11,24,23,25,21,28,25,29,29,57,31,63,69,91,118,110,105,136,68,47,60,80,29,23,0,0,0,0,5,34,0,0,0,4,0,0,0,-2,-19,8,8,8,8,8,8,8,8,8,8,8,0,0,0,8,8,8,8,8,8,85,0,0,0,0,0,0,0,0,0,0,0,0,0,0,0,0,0,0,0,0,0,0,0,0,0,0,0,0,0,0,0]} 1. e4 {Ernst,T} e5 2. Nf3 Nc6 3. Bb5 a6 4. Ba4 Nf6 5. O-O Be7 6. Re1 b5 7. Bb3 d6 8. c3 O-O 9. h3 Bb7 10. d4 Re8 11. Ng5 Rf8 12. Nf3 Re8 13. Nbd2 Bf8 14. Bc2 g6 15. d5 Nb8 16. b3 c6 17. c4 Nbd7 18. Nf1 Qc7 19. Be3 {C92: Closed Ruy Lopez: 9...Be6, Karpov and Flohr-Zaitsev Variations.} Nc5 20. Ng3 {[#]} b4 $146 ({Predecessor:} 20... a5 21. Qd2 Nfd7 22. cxb5 cxd5 23. exd5 Nf6 24. Rac1 Nxd5 25. Bxc5 dxc5 26. Bd3 Rad8 27. Bc4 Bg7 28. Ne4 Nf6 29. Qc2 Nxe4 30. Rxe4 Bxe4 31. Qxe4 Bh6 32. Re1 Kg7 33. g4 Bf4 {0-1 (33) Magem Badals,J (2510)-Karpov,A (2725) Dos Hermanas 1993 CBM 036 [Ernst,T]}) 21. Bxc5 {White is slightly better.} (21. Bg5 {keeps more tension.} Be7 22. Qd2 a5 23. Reb1 Rad8 24. Rd1) 21... dxc5 22. Qe2 Bh6 23. Nf1 a5 24. Ne3 Rad8 25. a3 Ra8 26. Ra2 Nd7 27. Rea1 (27. Ng4 {is interesting.} Bg7 28. Qd2 cxd5 29. cxd5 Rec8 30. Rb1) 27... cxd5 28. cxd5 Nb6 29. axb4 Bxe3 30. Qxe3 cxb4 31. Nd2 ({Much weaker is} 31. Rxa5 $6 Nxd5 $1 32. Rxa8 Nxe3 33. Rxe8+ Kg7 $11) ({White should play} 31. h4 $16) 31... Rec8 $14 32. Bd3 Qc5 33. Qxc5 (33. Qe2 $16) 33... Rxc5 $11 34. Rc2 (34. f3 {feels hotter.} Bc8 35. Kf2 Bd7 36. Ke3 f5 37. f4) 34... Rxc2 35. Bxc2 Rc8 {To avoid Nc4} 36. Bd3 Rc5 37. Kf1 (37. Nf3 $5 {[%cal Rf3e5]}) 37... Bc8 38. Ke2 {[%cal Of2f4]} Bd7 39. Rb1 Rc3 40. Rb2 Kf8 41. Rc2 Bb5 42. Rxc3 bxc3 {[%mdl 4096] Endgame KBN-KBN} 43. Nc4 (43. Bxb5 $2 c2 44. b4 c1=Q $19) 43... a4 $1 44. Na3 ({Wrong is} 44. Nxb6 $2 a3 45. Bxb5 a2 $19) 44... c2 $1 45. Nxc2 Bxd3+ 46. Kxd3 {aiming for Kc3.} axb3 {KN-KN} 47. Na3 Ke7 48. Kc3 Na4+ 49. Kb4 Nb2 50. Kxb3 Nd3 51. f3 f5 {[#]} (51... Ne1 $11 {remains equal.}) 52. Kc3 (52. exf5 $1 $16 gxf5 53. Nc4) 52... fxe4 {The position is equal.} 53. fxe4 Nc5 54. Nc4 Nxe4+ 55. Kd3 Nf6 56. Nxe5 {Black must now prevent Kd4.} Nxd5 57. Ke4 {Prevents Nf4.} Nc3+ 58. Kf4 Ke6 59. Ng4 h5 60. Ne3 Kf6 61. h4 Ne2+ 62. Kf3 Nc3 63. g4 hxg4+ 64. Kxg4 Ne4 65. Kf4 Nd6 66. Kg4 Nf5 67. Nd5+ {Weighted Error Value: White=0.10 (very precise) /Black=0.09 (flawless)} 1/2-1/2

[Event "Charlotte Spring-B 2022"]
[Site "Charlotte"]
[Date "2022.03.17"]
[Round "1.5"]
[White "Rusonik, Max"]
[Black "Mishra, Prateek"]
[Result "0-1"]
[WhiteElo "2141"]
[BlackElo "2128"]
[Annotator "TA"]
[PlyCount "88"]
[EventDate "2022.03.16"]
[EventType "tourn"]
[EventCountry "USA"]
[SourceTitle "playchess.com"]
[Source "ChessBase"]
[SourceQuality "1"]

{[%evp 20,88,65,57,61,72,65,68,156,64,66,59,74,66,83,60,55,62,63,72,62,65,54,60,58,51,50,45,51,47,50,43,57,53,63,43,106,0,0,0,44,45,57,46,59,30,68,80,241,234,407,49,54,53,52,-344,-250,-179,0,0,0,0,0,0,0,-12835,-12836,-12841,-12836,-771,-1491]} 1. e4 e5 2. Nf3 Nc6 3. Bc4 Nf6 {[%cal Bg8f6,Bf6d5,Bd5e3,Be3g2,Bg2h4][%mdl 32]} 4. Ng5 d5 5. exd5 Nd4 6. c3 b5 7. Bf1 Nxd5 8. cxd4 Qxg5 9. Bxb5+ Kd8 10. O-O Bb7 11. Qf3 Rb8 $1 {C57: Two Knights: Wilkes-Barre/Traxler and 4 Ng5 d5 5 exd5, unusual Black 5th moves.} 12. dxe5 $1 ({Avoid the trap} 12. Qxf7 $2 Nf6 13. g3 Bd5 $19) 12... Ne3 13. Qh3 {[%csl Gb5][%cal Rh3d7]} Qxg2+ {White is slightly better.} 14. Qxg2 Nxg2 15. d4 Be7 {15...Be7 is better than 15...Nh4.} 16. Be2 {[%cal Od4d5]} Nh4 17. f4 Nf5 18. Nc3 Nxd4 19. Rd1 c5 20. Nb5 Ke8 21. Nxd4 cxd4 22. b3 Bc5 23. Kf1 Ke7 24. Bb2 Rhd8 25. Rac1 Bb6 26. f5 {Strongly threatening Ba3+.} Rd5 $1 27. Ba3+ {[#]} Kd7 $146 ({Better is} 27... Kd8 $14) ({Predecessor:} 27... Kd8 28. Bd6 Rxd6 29. exd6 Kd7 30. a4 a5 31. b4 axb4 32. Rc4 b3 33. f6 gxf6 {1-0 (58) Zink,D (2237)-Wiesinger,J (2117) ICCF email 2019}) 28. f6 (28. e6+ $1 $16 fxe6 29. fxe6+ Ke8 30. Bd3) 28... gxf6 $11 29. Bg4+ f5 (29... Kd8 $1 $11 {deserves consideration.}) 30. Bxf5+ $14 Ke8 31. Bd6 $36 {[%mdl 2048] Black is under pressure.} Rd8 32. Bxh7 R8xd6 33. exd6 {Be4 is the strong threat.} Rh5 $2 (33... f5 $16) 34. Re1+ $18 Kd8 $2 {[#]} (34... Kd7) 35. Be4 $2 (35. Bd3 $1 $18) 35... Bxe4 $14 36. Rxe4 Rxh2 {[%mdl 4096] Endgame Threatens to win with ...Rh1+. KRR-KRB} 37. Rce1 $2 {[%mdl 8192]} (37. Rd1 $14) 37... d3 $19 {Hoping for ...Rf2+.} 38. Re7 {[#]} d2 $2 (38... f5 $1 $19 {[%cal Rf5f4] White must now prevent ...f4.} 39. Re8+ Kd7 40. R1e7+ Kxd6 41. Re6+ Kc5 42. Re5+ Kd4) 39. Rd1 $11 Rf2+ 40. Kg1 f5 41. Kh1 f4 42. Rh7 $2 {[%mdl 8192]} (42. b4 $11) 42... Re2 $19 {Black is clearly winning.} 43. Re7 Be3 {( -> ...Re1+)} 44. Rxd2 Rxd2 {Weighted Error Value: White=0.79/Black=0.22 (precise)} 0-1

[Event "Charlotte Spring-B 2022"]
[Site "Charlotte"]
[Date "2022.03.17"]
[Round "2.1"]
[White "Wang, Tianqi"]
[Black "Mishra, Prateek"]
[Result "1/2-1/2"]
[WhiteElo "2322"]
[BlackElo "2128"]
[Annotator "ChessBase"]
[PlyCount "60"]
[EventDate "2022.03.16"]
[EventType "tourn"]
[EventCountry "USA"]
[SourceTitle "playchess.com"]
[Source "ChessBase"]
[SourceQuality "1"]
[TimeControl "5400+30"]

1. d4 {[%emt 1:31:00]} Nf6 {[%emt 1:31:00]} 2. Nf3 {[%emt 0:00:30]} g6 {[%emt 0:00:00]} 3. Nc3 {[%emt 0:00:00]} d5 {[%emt 0:00:00]} 4. Bf4 {[%emt 0:00:00]} Bg7 {[%emt 0:00:00]} 5. Nb5 {[%emt 0:00:00]} Na6 {[%emt 0:00:00]} 6. e3 {[%emt 0:00:00]} c6 {[%emt 0:00:00]} 7. Nc3 {[%emt 0:00:00]} Qb6 {[%emt 0:00:00]} 8. Rb1 {[%emt 0:00:00]} O-O {[%emt 0:00:00]} 9. h3 {[%emt 0:00:00]} c5 {[%emt 0:00:00]} 10. Be5 {[%emt 0:00:00]} Rd8 {[%emt 0:00:00]} 11. Bxa6 {[%emt 0:00:00]} bxa6 {[%emt 0:00:00]} 12. O-O {[%emt 0:00:00]} Qc6 {[%emt 0:00:00]} 13. dxc5 {[%emt 0:00:00]} Qxc5 {[%emt 0:00:00]} 14. Na4 {[%emt 0:00:00]} Qc6 {[%emt 0:00:00]} 15. Qd4 {[%emt 0:00:00]} Qxc2 {[%emt 0:00:00]} 16. Nc5 {[%emt 0:00:00]} Qc4 {[%emt 0:00:00]} 17. Rfd1 {[%emt 0:00:00]} Qxd4 {[%emt 0:00:00]} 18. Rxd4 {[%emt 0:00:00]} e6 {[%emt 0:00:00]} 19. Rc1 {[%emt 0:00:00]} Nd7 {[%emt 0:00:00]} 20. Bxg7 {[%emt 0:00:00]} Kxg7 {[%emt 0:00:00]} 21. e4 {[%emt 0:00:00]} Nxc5 {[%emt 0:10:00]} 22. Rxc5 {[%emt 0:00:00]} Rb8 {[%emt 0:00:00]} 23. exd5 {[%emt 0:00:00]} exd5 {[%emt 0:00:00]} 24. b3 {[%emt 0:00:00]} Rb5 {[%emt 0:00:00]} 25. Rc3 {[%emt 0:00:00]} Bf5 {[%emt 0:00:00]} 26. Ra4 {[%emt 0:00:00]} Rc8 {[%emt 0:00:00]} 27. Re3 {[%emt 0:00:00]} Rc1+ {[%emt 0:00:00]} 28. Kh2 {[%emt 0:00:00]} Bc8 {[%emt 0:00:00]} 29. Rf4 {[%emt 0:03:30]} Rc7 {[%emt 0:00:00]} 30. Nd4 {[%emt 0:00:20]} Rb6 {[%emt 0:00:00]} 1/2-1/2

[Event "Charlotte Spring-B 2022"]
[Site "Charlotte"]
[Date "2022.03.17"]
[Round "2.2"]
[White "Ngo, Bach"]
[Black "Rusonik, Max"]
[Result "1-0"]
[WhiteElo "2306"]
[BlackElo "2141"]
[Annotator "ChessBase"]
[PlyCount "59"]
[EventDate "2022.03.16"]
[EventType "tourn"]
[EventCountry "USA"]
[SourceTitle "playchess.com"]
[Source "ChessBase"]
[SourceQuality "1"]
[TimeControl "5400+30"]

1. d4 {[%emt 0:00:04]} d5 {[%emt 0:00:09]} 2. Nf3 {[%emt 0:00:06]} e6 {[%emt 0:00:26]} 3. c4 {[%emt 0:00:18]} c5 {[%emt 0:00:23]} 4. cxd5 {[%emt 0:00:18]} exd5 {[%emt 0:00:06]} 5. Bg5 {[%emt 0:00:07]} Be7 {[%emt 0:00:54]} 6. Bxe7 {[%emt 0:00:08]} Qxe7 {[%emt 0:00:39]} 7. dxc5 {[%emt 0:00:15]} Qxc5 {[%emt 0:09:42]} 8. Nc3 {[%emt 0:00:21]} Nf6 {[%emt 0:00:07]} 9. e3 {[%emt 0:00:18]} Nc6 {[%emt 0:00:38]} 10. Bb5 {[%emt 0:06:57]} O-O {[%emt 0:06:50]} 11. O-O {[%emt 0:02:59]} Rd8 {[%emt 0:11:39]} 12. Rc1 {[%emt 0:01:10]} Qb6 {[%emt 0:00:03]} 13. Bxc6 {[%emt 0:06:08]} bxc6 {[%emt 0:11:14]} 14. Na4 {[%emt 0:00:45]} Qa6 {[%emt 0:15:09]} 15. Ne5 {[%emt 0:04:01]} Rd6 {[%emt 0:00:54]} 16. Qd4 {[%emt 0:02:24]} Rb8 {[%emt 0:01:02]} 17. b3 {[%emt 0:06:22]} Ne4 {[%emt 0:14:30]} 18. f3 {[%emt 0:06:08]} c5 {[%emt 0:00:01]} 19. Nxc5 {[%emt 0:04:47]} Nxc5 {[%emt 0:00:15]} 20. Qxc5 {[%emt 0:00:57]} Bd7 {[%emt 0:02:29]} 21. Rfd1 {[%emt 0:05:07]} Rc8 {[%emt 0:01:20]} 22. Qd4 {[%emt 0:00:23]} Rxc1 {[%emt 0:00:11]} 23. Rxc1 {[%emt 0:00:06]} f6 {[%emt 0:00:06]} 24. Nxd7 {[%emt 0:02:11]} Rxd7 {[%emt 0:00:03]} 25. a4 {[%emt 0:00:28]} Qe2 {[%emt 0:00:45]} 26. h3 {[%emt 0:00:53]} Qa2 {[%emt 0:11:30]} 27. Qg4 {[%emt 0:05:36]} Re7 {[%emt 0:01:55]} 28. Rc8+ {[%emt 0:00:37]} Kf7 {[%emt 0:00:02]} 29. Qh5+ {[%emt 0:00:10]} Ke6 {[%emt 0:00:03]} 30. Rc6+ {[%emt 0:00:14]} 1-0

[Event "Charlotte Spring-B 2022"]
[Site "Charlotte"]
[Date "2022.03.17"]
[Round "2.3"]
[White "Almeida Saenz, Alfonso"]
[Black "Johnson, Donald"]
[Result "0-1"]
[WhiteElo "2259"]
[BlackElo "2060"]
[Annotator "ChessBase"]
[PlyCount "56"]
[EventDate "2022.03.16"]
[EventType "tourn"]
[EventCountry "USA"]
[SourceTitle "playchess.com"]
[Source "ChessBase"]
[SourceQuality "1"]
[TimeControl "5400+30"]

1. e4 {[%emt 0:01:10]} c5 {[%emt 0:00:01]} 2. Nf3 {[%emt 0:00:05]} d6 {[%emt 0:00:00]} 3. d4 {[%emt 0:00:07]} cxd4 {[%emt 0:00:01]} 4. Nxd4 {[%emt 0:00:08]} Nf6 {[%emt 0:00:05]} 5. Nc3 {[%emt 0:00:26]} a6 {[%emt 0:00:01]} 6. Bc4 {[%emt 0:00:17]} e6 {[%emt 0:00:03]} 7. g4 {[%emt 0:00:55]} b5 {[%emt 0:00:15]} 8. g5 {[%emt 0:00:06]} Nxe4 {[%emt 0:00:32]} 9. Bxb5+ {[%emt 0:00:07]} axb5 {[%emt 0:00:08]} 10. Nxe4 {[%emt 0:00:01]} Be7 {[%emt 0:00:39]} 11. Rg1 {[%emt 0:00:10]} d5 {[%emt 0:01:06]} 12. Ng3 {[%emt 0:00:36]} O-O {[%emt 0:01:12]} 13. Qh5 {[%emt 0:00:30]} Qb6 {[%emt 0:07:39]} 14. Be3 {[%emt 0:00:23]} Bc5 {[%emt 0:00:52]} 15. c3 {[%emt 0:00:42]} b4 {[%emt 0:02:32]} 16. Qe2 {[%emt 0:07:28]} Ba6 {[%emt 0:06:11]} 17. Qc2 {[%emt 0:00:34]} e5 {[%emt 0:21:14]} 18. Nh5 {[%emt 0:00:51]} exd4 {[%emt 0:17:31]} 19. Nf6+ {[%emt 0:01:20]} gxf6 {[%emt 0:00:06]} 20. gxf6+ {[%emt 0:00:06]} Kh8 {[%emt 0:00:01]} 21. cxd4 {[%emt 0:00:50]} Qxf6 {[%emt 0:07:48]} 22. Qxc5 {[%emt 0:00:54]} Nd7 {[%emt 0:01:09]} 23. Qxd5 {[%emt 0:00:14]} Nb6 {[%emt 0:01:16]} 24. Qh5 {[%emt 0:03:15]} Rac8 {[%emt 0:03:10]} 25. b3 {[%emt 0:04:24]} Rc2 {[%emt 0:05:19]} 26. a3 {[%emt 0:01:26]} Qc6 {[%emt 0:02:38]} 27. Qe5+ {[%emt 0:04:50]} f6 {[%emt 0:00:03]} 28. d5 {[%emt 0:00:06]} Re2+ {[%emt 0:02:33]} 0-1

[Event "Charlotte Spring-B 2022"]
[Site "Charlotte"]
[Date "2022.03.17"]
[Round "2.4"]
[White "Plotkin, Mark"]
[Black "Poliannikov, Danila"]
[Result "1-0"]
[WhiteElo "2400"]
[BlackElo "2273"]
[Annotator "ChessBase"]
[PlyCount "81"]
[EventDate "2022.03.16"]
[EventType "tourn"]
[EventCountry "USA"]
[SourceTitle "playchess.com"]
[Source "ChessBase"]
[SourceQuality "1"]
[TimeControl "5400+30"]

1. c4 {[%emt 0:02:22]} Nf6 {[%emt 0:00:05]} 2. Nc3 {[%emt 0:00:26]} c5 {[%emt 0:00:11]} 3. Nf3 {[%emt 0:01:19]} d5 {[%emt 0:00:05]} 4. cxd5 {[%emt 0:00:05]} Nxd5 {[%emt 0:00:01]} 5. g3 {[%emt 0:05:37]} Nc6 {[%emt 1:32:38]} 6. Bg2 {[%emt 0:00:12]} Nc7 {[%emt 0:00:00]} 7. O-O {[%emt 0:01:44]} e5 {[%emt 0:00:00]} 8. d3 {[%emt 0:00:48]} Be7 {[%emt 0:00:00]} 9. Be3 {[%emt 0:00:29]} O-O {[%emt 0:00:00]} 10. Rc1 {[%emt 0:06:59]} Bd7 {[%emt 0:00:00]} 11. a3 {[%emt 0:06:16]} Rc8 {[%emt 0:00:00]} 12. Nd2 {[%emt 0:04:13]} b6 {[%emt 0:00:00]} 13. Nc4 {[%emt 0:12:09]} f6 {[%emt 0:00:00]} 14. f4 {[%emt 0:04:10]} exf4 {[%emt 0:00:00]} 15. gxf4 {[%emt 0:09:54]} f5 {[%emt 0:00:00]} 16. Kh1 {[%emt 0:04:41]} Kh8 {[%emt 0:00:00]} 17. Qe1 {[%emt 0:02:13]} Ne6 {[%emt 0:00:00]} 18. Qg3 {[%emt 0:06:03]} Ned4 {[%emt 0:00:00]} 19. Rg1 {[%emt 0:08:51]} g6 {[%emt 0:07:00]} 20. b4 {[%emt 0:08:50]} b5 {[%emt 0:00:00]} 21. Bxd4+ {[%emt 0:03:36]} Nxd4 {[%emt 0:00:00]} 22. Ne5 {[%emt 0:00:13]} Be8 {[%emt 0:00:00]} 23. Nd5 {[%emt 0:05:47]} Bf7 {[%emt 0:00:00]} 24. Nxe7 {[%emt 0:01:06]} Qxe7 {[%emt 0:00:00]} 25. Qe3 {[%emt 0:00:11]} Kg7 {[%emt 0:02:20]} 26. Rxc5 {[%emt 0:00:43]} Rxc5 {[%emt 0:00:15]} 27. Qxd4 {[%emt 0:00:37]} Rxe5 {[%emt 0:00:26]} 28. Rc1 {[%emt 0:01:08]} Re8 {[%emt 0:00:36]} 29. Rc5 {[%emt 0:02:50]} Qh4 {[%emt 0:00:11]} 30. Rxe5 {[%emt 0:00:05]} Rxe5 {[%emt 0:00:19]} 31. Qxe5+ {[%emt 0:00:03]} Kh6 {[%emt 0:00:01]} 32. Bf3 {[%emt 0:00:22]} Qf2 {[%emt 0:00:54]} 33. Qa1 {[%emt 0:01:28]} Bb3 {[%emt 0:01:23]} 34. Qg1 {[%emt 0:00:30]} Qh4 {[%emt 0:00:02]} 35. Qd4 {[%emt 0:00:55]} Bd1 {[%emt 0:00:57]} 36. Kg2 {[%emt 0:00:15]} Qe7 {[%emt 0:00:29]} 37. Qc5 {[%emt 0:00:35]} Qf7 {[%emt 0:00:35]} 38. Qxb5 {[%emt 0:00:23]} Bb3 {[%emt 0:00:30]} 39. Qe5 {[%emt 0:00:42]} Be6 {[%emt 0:00:23]} 40. d4 {[%emt 0:00:12]} g5 {[%emt 0:00:37]} 41. d5 {[%emt 0:00:21]} 1-0

[Event "Charlotte Spring-B 2022"]
[Site "Charlotte"]
[Date "2022.03.17"]
[Round "2.5"]
[White "Arjun, Vishnuvardhan"]
[Black "Adewumi, Tanitoluwa"]
[Result "1/2-1/2"]
[WhiteElo "2268"]
[BlackElo "2190"]
[Annotator "ChessBase"]
[PlyCount "55"]
[EventDate "2022.03.16"]
[EventType "tourn"]
[EventCountry "USA"]
[SourceTitle "playchess.com"]
[Source "ChessBase"]
[SourceQuality "1"]
[TimeControl "5400+30"]

1. d4 {[%emt 0:05:07]} Nf6 {[%emt 1:31:00]} 2. Bf4 {[%emt 0:00:10]} d5 {[%emt 0:00:00]} 3. e3 {[%emt 0:00:54]} e6 {[%emt 0:00:00]} 4. Nd2 {[%emt 0:03:23]} c5 {[%emt 0:00:00]} 5. c3 {[%emt 0:00:08]} Nc6 {[%emt 0:00:00]} 6. Ngf3 {[%emt 0:00:35]} Be7 {[%emt 0:00:00]} 7. Bd3 {[%emt 0:01:12]} Nh5 {[%emt 0:00:00]} 8. Be5 {[%emt 0:01:00]} cxd4 {[%emt 0:00:00]} 9. cxd4 {[%emt 0:00:25]} f6 {[%emt 0:00:00]} 10. Bg3 {[%emt 0:00:47]} g6 {[%emt 0:00:00]} 11. Rc1 {[%emt 0:13:34]} O-O {[%emt 0:00:00]} 12. a3 {[%emt 0:02:11]} Bd6 {[%emt 0:00:00]} 13. Qb3 {[%emt 0:03:05]} Nxg3 {[%emt 0:00:00]} 14. hxg3 {[%emt 0:00:09]} Rf7 {[%emt 0:00:00]} 15. e4 {[%emt 0:05:55]} Bc7 {[%emt 0:00:00]} 16. Qc3 {[%emt 0:03:52]} Bb6 {[%emt 0:00:00]} 17. Nb3 {[%emt 0:03:46]} Bd7 {[%emt 0:00:00]} 18. Nc5 {[%emt 0:03:19]} Rc8 {[%emt 0:00:00]} 19. b4 {[%emt 0:00:57]} Ne5 {[%emt 0:00:00]} 20. Nxe5 {[%emt 0:06:03]} fxe5 {[%emt 0:00:00]} 21. O-O {[%emt 0:00:09]} Bc6 {[%emt 0:00:00]} 22. Nxe6 {[%emt 0:19:51]} Qd6 {[%emt 0:00:00]} 23. Ng5 {[%emt 0:06:09]} Rfc7 {[%emt 0:00:00]} 24. dxe5 {[%emt 0:00:55]} Qe7 {[%emt 0:00:00]} 25. Qd2 {[%emt 0:02:07]} Qxe5 {[%emt 0:00:00]} 26. Qf4 {[%emt 0:11:04]} Qxf4 {[%emt 0:00:00]} 27. gxf4 {[%emt 0:00:03]} dxe4 {[%emt 0:00:00]} 28. Nxe4 {[%emt 0:01:01]} 1/2-1/2